[Event "GBR-ch83"]
[Site "Nottingham"]
[Date "1996.08.05"]
[Round "1.1"]
[White "Cobb, James E"]
[Black "Sadler, Matthew D"]
[Result "0-1"]
[WhiteElo "2260"]
[BlackElo "2615"]
[Annotator "Hodgson, Julian"]
[PlyCount "76"]
[EventDate "1996.08.05"]
[EventType "swiss"]
[EventRounds "11"]
[EventCountry "GBR"]
[SourceTitle "BritBase"]
[Source "britbase.info"]
[SourceDate "2021.07.30"]
[SourceVersion "1"]
[SourceVersionDate "2021.07.30"]
[SourceQuality "1"]

1. d4 Nf6 2. Nf3 e6 3. Bg5 c5 4. e3 cxd4 5. exd4 Be7 6. Bd3 b6 7. Nbd2 Bb7 8.
c3 Nd5 9. Bxe7 Qxe7 10. g3 O-O 11. Qe2 d6 12. O-O-O Nd7 13. Kb1 Rfb8 14. Ka1
Bc6 15. c4 Nb4 16. Bb1 (16. d5 $5) 16... d5 17. Rhe1 dxc4 18. Nxc4 Rc8 19. Nce5
Bb7 20. a3 Nd5 21. Nxd7 Qxd7 22. Ne5 Qe8 23. Qd3 g6 24. h4 b5 25. h5 b4 26. Rh1
Nc3 $3 27. hxg6 hxg6 28. bxc3 (28. Qd2 Nxd1 29. Qh6 Bxh1 $19) 28... Rxc3 29.
Qd2 Qa4 $5 (29... Rxa3+ 30. Ba2 (30. Kb2 Qa4 31. Qc2 $3 b3 (31... Bxh1 32. Rxh1
Qxc2+ 33. Bxc2 Rc8 $15) 32. Rh8+ $3 Kg7 (32... Kxh8 33. Nxf7+ Kg7 34. Qxg6+ Kf8
35. Qh6+ $16) 33. Qc7 Kxh8 (33... Ra2+ 34. Kc3 $16) 34. Nxf7+ Kg8 35. Nh6+ Kh8
36. Nf7+ $11) 30... b3 31. Qh6 Rxa2+ 32. Kb1 Be4+ 33. Nd3 Bxh1 34. Rxh1 Ra1+ $3
35. Kxa1 Qa4+ 36. Kb2 Qa2+ 37. Kc3 Qc2+ 38. Kb4 Rb8+ 39. Ka3 Qa2#) 30. Ba2 $3
Rc2 $4 (30... Rxa3 31. Ng4 Bd5 32. Rh8+ $3) 31. Qxb4 $1 $14 (31. Qh6 Rxa2+ $1
32. Kxa2 Bd5+ 33. Kb1 Qb3+ 34. Kc1 Qc3+ 35. Kb1 Ba2+ $3) 31... Qxb4 32. axb4
Bxh1 33. Rxh1 Rd8 $4 34. d5 $4 (34. Rh8+ $3) 34... exd5 35. Rd1 Rxf2 36. Bxd5
Kg7 37. Bf3 Rxd1+ 38. Bxd1 Rf1 0-1

[Event "GBR-ch83"]
[Site "Nottingham"]
[Date "1996.08.05"]
[Round "1.2"]
[White "Hebden, Mark L"]
[Black "Cole, Roland B"]
[Result "1-0"]
[WhiteElo "2530"]
[BlackElo "2215"]
[PlyCount "61"]
[EventDate "1996.08.05"]
[EventType "swiss"]
[EventRounds "11"]
[EventCountry "GBR"]
[SourceTitle "BritBase"]
[Source "britbase.info"]
[SourceDate "2021.07.30"]
[SourceVersion "1"]
[SourceVersionDate "2021.07.30"]
[SourceQuality "1"]

1. e4 c5 2. Nf3 d6 3. Bb5+ Bd7 4. Bxd7+ Qxd7 5. O-O Nc6 6. c4 Nf6 7. Nc3 Ne5 8.
b3 Qg4 9. d4 Nxf3+ 10. Qxf3 Qxf3 11. gxf3 cxd4 12. Nb5 Rc8 13. Nxa7 Rb8 14. Nb5
e5 15. f4 Nh5 16. fxe5 dxe5 17. f4 f6 18. fxe5 fxe5 19. Rf5 Nf6 20. Rxe5+ Kd7
21. Bf4 Re8 22. Rd1 Rxe5 23. Bxe5 Ke6 24. Bxf6 gxf6 25. Kg2 Ke5 26. Rxd4 Kf4
27. e5+ Kxe5 28. Kf3 Ke6 29. Rd8 Bg7 30. Nd4+ Ke5 31. Rd5# 1-0

[Event "GBR-ch83"]
[Site "Nottingham"]
[Date "1996.08.05"]
[Round "1.3"]
[White "Vigus, James E"]
[Black "Emms, John M"]
[Result "0-1"]
[WhiteElo "2245"]
[BlackElo "2500"]
[PlyCount "100"]
[EventDate "1996.08.05"]
[EventType "swiss"]
[EventRounds "11"]
[EventCountry "GBR"]
[SourceTitle "BritBase"]
[Source "britbase.info"]
[SourceDate "2021.07.30"]
[SourceVersion "1"]
[SourceVersionDate "2021.07.30"]
[SourceQuality "1"]

1. c4 c5 2. Nc3 g6 3. g3 Bg7 4. Bg2 Nc6 5. Nf3 e6 6. O-O Nge7 7. d3 O-O 8. a3
b6 9. Bd2 Bb7 10. Rb1 d5 11. cxd5 Nxd5 12. Nxd5 Qxd5 13. b4 cxb4 14. axb4 Nd4
15. Ne1 Qd7 16. Bxb7 Qxb7 17. e3 Nb5 18. f4 Rfd8 19. g4 Rac8 20. Qf3 Qxf3 21.
Rxf3 Nc3 22. Bxc3 Bxc3 23. d4 Bxe1 24. Rxe1 Rc3 25. Ra1 Rxd4 26. Rxa7 Rxb4 27.
Kf2 Rb2+ 28. Kg3 Re2 29. f5 exf5 30. gxf5 Rexe3 31. Rxe3 Rxe3+ 32. Kf4 Re1 33.
Kg5 gxf5 34. Rb7 Re6 35. Kxf5 Kg7 36. h4 Rc6 37. h5 Rc5+ 38. Kg4 Rb5 39. Kf4 h6
40. Kg4 Rb1 41. Kf4 b5 42. Ke4 b4 43. Rb6 b3 44. Kd3 Rh1 45. Ke4 Rb1 46. Kd3 b2
47. Kc2 Rh1 48. Kxb2 Rxh5 49. Kc3 Rd5 50. Kc4 Rd8 0-1

[Event "GBR-ch83"]
[Site "Nottingham"]
[Date "1996.08.05"]
[Round "1.5"]
[White "Trifunovic, Aleksandar"]
[Black "Parker, Jonathan F"]
[Result "1/2-1/2"]
[WhiteElo "2250"]
[BlackElo "2470"]
[PlyCount "75"]
[EventDate "1996.08.05"]
[EventType "swiss"]
[EventRounds "11"]
[EventCountry "GBR"]
[SourceTitle "BritBase"]
[Source "britbase.info"]
[SourceDate "2021.07.30"]
[SourceVersion "1"]
[SourceVersionDate "2021.07.30"]
[SourceQuality "1"]

1. d4 Nf6 2. Nf3 e6 3. c4 Bb4+ 4. Bd2 Bxd2+ 5. Qxd2 O-O 6. Nc3 d5 7. e3 Qe7 8.
Bd3 dxc4 9. Bxc4 c5 10. O-O Rd8 11. Qe2 Nc6 12. Rad1 Bd7 13. a3 Rac8 14. Ba2 a6
15. Rfe1 Be8 16. dxc5 Qxc5 17. Rxd8 Rxd8 18. Rd1 Rc8 19. h3 h6 20. Qd2 Ne5 21.
Nxe5 Qxe5 22. Qd6 Qxd6 23. Rxd6 Kf8 24. Kf1 Ke7 25. Rd2 Bc6 26. Bb1 g6 27. Bc2
Nd7 28. Bd1 Ne5 29. Be2 f5 30. f4 Nf7 31. Kf2 Nd6 32. Rd4 b5 33. g3 Ne4+ 34.
Nxe4 Bxe4 35. Rd2 Rc1 36. Bd1 Bd5 37. Bf3 Bxf3 38. Kxf3 1/2-1/2

[Event "GBR-ch83"]
[Site "Nottingham"]
[Date "1996.08.05"]
[Round "1.7"]
[White "Mordue, A Tyson"]
[Black "Martin, Andrew D"]
[Result "0-1"]
[WhiteElo "2240"]
[BlackElo "2425"]
[PlyCount "60"]
[EventDate "1996.08.05"]
[EventType "swiss"]
[EventRounds "11"]
[EventCountry "GBR"]
[SourceTitle "Mega Database 2004"]

1. e4 c5 2. Nf3 Nc6 3. b3 d6 4. Bb5 e5 5. O-O g6 6. Bb2 Bg7 7. c3 Nge7 8. d4
exd4 9. cxd4 O-O 10. Qd2 Bg4 11. dxc5 Bxb2 12. Qxb2 Bxf3 13. cxd6 Qxd6 14. Bxc6
Nxc6 15. gxf3 Nd4 16. Nc3 f5 17. Kg2 Qf4 18. Rfe1 Nxf3 19. Re3 Qxh2+ 20. Kxf3
fxe4+ 21. Kxe4 Rae8+ 22. Kd3 Rxe3+ 23. Kxe3 Qe5+ 24. Kd3 Rf3+ 25. Kc4 b5+ 26.
Kb4 Qd4+ 27. Kxb5 Rf5+ 28. Kc6 Qb6+ 29. Kd7 Rf7+ 30. Ke8 Qb8# 0-1

[Event "GBR-ch83"]
[Site "Nottingham"]
[Date "1996.08.05"]
[Round "1.8"]
[White "Turner, Matthew J"]
[Black "Hempson, Peter W"]
[Result "0-1"]
[WhiteElo "2425"]
[BlackElo "2235"]
[PlyCount "110"]
[EventDate "1996.08.05"]
[EventType "swiss"]
[EventRounds "11"]
[EventCountry "GBR"]
[SourceTitle "BritBase"]
[Source "britbase.info"]
[SourceDate "2021.07.30"]
[SourceVersion "1"]
[SourceVersionDate "2021.07.30"]
[SourceQuality "1"]

1. e4 e6 2. d3 d5 3. Nd2 Nf6 4. g3 dxe4 5. dxe4 Bc5 6. Bg2 O-O 7. Ngf3 Nc6 8.
O-O e5 9. Qe2 a5 10. c3 b6 11. a4 Ba6 12. Nc4 Qe7 13. b3 Qe6 14. Nh4 Bxc4 15.
bxc4 Rad8 16. Nf5 Qd7 17. Bg5 Qd3 18. Qb2 Nxe4 19. Bxd8 Nxd8 20. g4 Ne6 21.
Rae1 Qd2 22. Qxd2 Nxd2 23. Rxe5 Nxf1 24. Kxf1 Rd8 25. Rd5 g6 26. Ng3 Bd6 27.
Ne4 Bxh2 28. Rxd8+ Nxd8 29. c5 Ne6 30. cxb6 cxb6 31. Nf6+ Kg7 32. Nd5 Bc7 33.
Be4 Bd8 34. Kg2 Nc5 35. Bc2 Kf8 36. Kf3 Ke8 37. Kf4 Kd7 38. Ke5 Kc6 39. c4 Nd7+
40. Kd4 Bf6+ 41. Nxf6 Nxf6 42. g5 Nd7 43. f4 Kd6 44. Bd1 f5 45. gxf6 Nxf6 46.
Bc2 Nd7 47. Bd1 Nc5 48. Bc2 Ne6+ 49. Ke4 Ng7 50. Bd1 h5 51. Bf3 h4 52. Bg4 Ne6
53. Kf3 Nc5 54. Kg2 Nxa4 55. Kh3 Nc3 0-1

[Event "GBR-ch83"]
[Site "Nottingham"]
[Date "1996.08.05"]
[Round "1.9"]
[White "Lyell, Mark"]
[Black "Ansell, Simon T"]
[Result "0-1"]
[WhiteElo "2235"]
[BlackElo "2420"]
[PlyCount "74"]
[EventDate "1996.08.05"]
[EventType "swiss"]
[EventRounds "11"]
[EventCountry "GBR"]
[SourceTitle "BritBase"]
[Source "britbase.info"]
[SourceDate "2021.07.30"]
[SourceVersion "1"]
[SourceVersionDate "2021.07.30"]
[SourceQuality "1"]

1. e4 c5 2. c3 Nf6 3. e5 Nd5 4. d4 cxd4 5. Nf3 Nc6 6. Bc4 Nb6 7. Bb3 g6 8. cxd4
Bg7 9. Bf4 O-O 10. O-O d6 11. h3 dxe5 12. dxe5 Bf5 13. Nc3 Na5 14. Bd5 Nxd5 15.
Qxd5 Be6 16. Qe4 Nc6 17. Rac1 Qa5 18. Rfd1 Rad8 19. Qe3 Rxd1+ 20. Rxd1 Rd8 21.
Rxd8+ Qxd8 22. Kh2 Bd5 23. a3 Bxf3 24. Qxf3 Qd4 25. e6 fxe6 26. Bg3 Be5 27. Qe4
Qxe4 28. Nxe4 Bxb2 29. a4 Bd4 30. Bc7 b6 31. g4 e5 32. Kg3 Kf7 33. Ng5+ Ke8 34.
f4 Kd7 35. Bxe5 Nxe5 36. fxe5 Bxe5+ 37. Kf3 h6 0-1

[Event "GBR-ch83"]
[Site "Nottingham"]
[Date "1996.08.05"]
[Round "1.10"]
[White "Ledger, Andrew J"]
[Black "Clarke, Thomas"]
[Result "0-1"]
[WhiteElo "2415"]
[BlackElo "2230"]
[PlyCount "120"]
[EventDate "1996.08.05"]
[EventType "swiss"]
[EventRounds "11"]
[EventCountry "GBR"]
[SourceTitle "BritBase"]
[Source "britbase.info"]
[SourceDate "2021.07.30"]
[SourceVersion "1"]
[SourceVersionDate "2021.07.30"]
[SourceQuality "1"]

1. e4 e6 2. Nc3 d5 3. Nf3 Nf6 4. e5 Nfd7 5. d4 c5 6. dxc5 Nc6 7. Bf4 Bxc5 8.
Bd3 f6 9. exf6 Nxf6 10. O-O O-O 11. Ne5 Ne4 12. Bxe4 Rxf4 13. Nd3 Rxe4 14. Nxe4
Bb6 15. Ng3 e5 16. Qd2 Be6 17. Rae1 Qf6 18. Kh1 Bf7 19. c3 h5 20. f4 e4 21. Ne5
Nxe5 22. fxe5 Qxe5 23. Rf5 Qe6 24. Qf4 h4 25. Qxh4 Bg6 26. Rf4 Bc7 27. Qg4 Qb6
28. Rff1 Re8 29. Rd1 Re5 30. Qc8+ Re8 31. Qg4 Qd6 32. Qg5 Re5 33. Qf4 Qe7 34.
Qe3 Qh4 35. Rf4 Qh6 36. Nf1 Rh5 37. Rf8+ Kxf8 38. Qc5+ Kg8 39. Qxc7 e3 40. Re1
Rf5 41. Ng3 Rf2 42. Qxb7 Qg5 43. Qc8+ Kh7 44. Qh3+ Kg8 45. Qe6+ Kh7 46. Kg1
Rxb2 47. Rxe3 Rxa2 48. h4 Ra1+ 49. Nf1 Qf4 50. Rf3 Qc4 51. h5 Be4 52. Rf2 Qc5
53. Qf7 Ra2 54. g4 a5 55. g5 Qxf2+ 56. Qxf2 Rxf2 57. Kxf2 a4 58. Nd2 Bc2 59.
Nf3 a3 60. Nd4 Ba4 0-1

[Event "GBR-ch83"]
[Site "Nottingham"]
[Date "1996.08.05"]
[Round "1.11"]
[White "Spice, Alan P"]
[Black "McShane, Luke J"]
[Result "0-1"]
[WhiteElo "2210"]
[BlackElo "2385"]
[PlyCount "78"]
[EventDate "1996.08.05"]
[EventType "swiss"]
[EventRounds "11"]
[EventCountry "GBR"]
[SourceTitle "BritBase"]
[Source "britbase.info"]
[SourceDate "2021.07.30"]
[SourceVersion "1"]
[SourceVersionDate "2021.07.30"]
[SourceQuality "1"]

1. Nc3 c5 2. Nf3 Nf6 3. d4 cxd4 4. Nxd4 d6 5. g3 g6 6. Bg2 Bg7 7. O-O O-O 8.
Bg5 Nbd7 9. Qd2 Nc5 10. Nb3 Ne6 11. Bh6 Rb8 12. a4 Bd7 13. Bxg7 Kxg7 14. Nd4
Qb6 15. Nxe6+ Bxe6 16. a5 Qc5 17. Rfd1 Rfc8 18. Qd4 Qxd4 19. Rxd4 b5 20. axb6
Rxb6 21. Na4 Rbb8 22. c3 Bb3 23. Bh3 Rc7 24. e3 a5 25. Rd2 Ne4 26. Rd4 Ng5 27.
Bg2 Ne6 28. Re4 f5 29. Rh4 g5 30. Rh3 Rc4 31. Bd5 Rxa4 32. Rxa4 Bxd5 33. Rxa5
Bf3 34. b4 Bg4 35. Kg2 Rc8 36. Ra3 Bxh3+ 37. Kxh3 Kf6 38. g4 fxg4+ 39. Kxg4
Rc4+ 0-1

[Event "GBR-ch83"]
[Site "Nottingham"]
[Date "1996.08.05"]
[Round "1.12"]
[White "Ferguson, Mark"]
[Black "Bisby, Daniel L"]
[Result "1/2-1/2"]
[WhiteElo "2385"]
[BlackElo "2205"]
[PlyCount "52"]
[EventDate "1996.08.05"]
[EventType "swiss"]
[EventRounds "11"]
[EventCountry "GBR"]
[SourceTitle "BritBase"]
[Source "britbase.info"]
[SourceDate "2021.07.30"]
[SourceVersion "1"]
[SourceVersionDate "2021.07.30"]
[SourceQuality "1"]

1. e4 d6 2. d4 Nf6 3. Nc3 g6 4. Nf3 Bg7 5. h3 O-O 6. Be3 a6 7. a4 b6 8. Bd3 Bb7
9. O-O Nbd7 10. Nd2 c5 11. d5 e6 12. Nc4 Qe7 13. Bf4 e5 14. Bd2 Ne8 15. Qg4 Nc7
16. g3 Bc8 17. f4 exf4 18. gxf4 Ne5 19. Qg2 Nxc4 20. Bxc4 Bd7 21. Rae1 b5 22.
axb5 axb5 23. Be2 Rfe8 24. Bg4 b4 25. Nd1 Bb5 26. Rf2 Bd4 1/2-1/2

[Event "GBR-ch83"]
[Site "Nottingham"]
[Date "1996.08.05"]
[Round "1.13"]
[White "Hunt, Adam C"]
[Black "Lee, Graham D"]
[Result "1/2-1/2"]
[WhiteElo "2200"]
[BlackElo "2375"]
[PlyCount "98"]
[EventDate "1996.08.05"]
[EventType "swiss"]
[EventRounds "11"]
[EventCountry "GBR"]
[SourceTitle "BritBase"]
[Source "britbase.info"]
[SourceDate "2021.07.30"]
[SourceVersion "1"]
[SourceVersionDate "2021.07.30"]
[SourceQuality "1"]

1. e4 c6 2. d4 d5 3. exd5 cxd5 4. c4 Nf6 5. Nc3 Nc6 6. Bg5 Be6 7. c5 Ne4 8. Be3
g6 9. Bb5 Nxc3 10. bxc3 Qa5 11. Qb3 Bg7 12. Ne2 O-O 13. O-O Bf5 14. Ng3 Bc2 15.
Qxc2 Qxb5 16. Rab1 Qc4 17. Qb3 Qxb3 18. Rxb3 Na5 19. Rb5 b6 20. cxb6 axb6 21.
Rxd5 Rfc8 22. Rd7 Kf8 23. Bg5 f6 24. Bf4 Ke8 25. Rc7 Rxc7 26. Bxc7 Nc4 27. Rb1
Kd7 28. Rb4 b5 29. Rxb5 Rxa2 30. Bf4 Ra3 31. Rb8 f5 32. Rb7+ Ke8 33. Bg5 Bf8
34. h4 Rxc3 35. Ne2 Rc2 36. Nf4 Nd6 37. Rb8+ Kf7 38. Nd3 Bg7 39. Ne5+ Ke6 40.
Rb6 Rc7 41. Nc6 Bf6 42. Bxf6 Kxf6 43. d5 Nc8 44. Ra6 Rb7 45. Ra8 Nb6 46. Rf8+
Kg7 47. Rd8 Nc4 48. Nd4 Rb1+ 49. Kh2 Ne5 1/2-1/2

[Event "GBR-ch83"]
[Site "Nottingham"]
[Date "1996.08.05"]
[Round "1.14"]
[White "Buckley, Graeme"]
[Black "Savage, Ben D"]
[Result "1-0"]
[WhiteElo "2370"]
[BlackElo "2200"]
[PlyCount "69"]
[EventDate "1996.08.05"]
[EventType "swiss"]
[EventRounds "11"]
[EventCountry "GBR"]
[SourceTitle "BritBase"]
[Source "britbase.info"]
[SourceDate "2021.07.30"]
[SourceVersion "1"]
[SourceVersionDate "2021.07.30"]
[SourceQuality "1"]

1. d4 g6 2. e4 d6 3. Nc3 c6 4. Be3 Bg7 5. a4 Nd7 6. Nf3 e5 7. dxe5 dxe5 8. Bc4
Ngf6 9. Qd6 Qe7 10. Qxe7+ Kxe7 11. h3 Ne8 12. Nd2 Nd6 13. a5 Nf6 14. Bc5 Be6
15. O-O-O b5 16. Be2 Rhd8 17. Nf3 Nfe8 18. Ne1 Kd7 19. Nd3 Kc7 20. b3 Nb7 21.
Bb4 a6 22. Nc5 Nxc5 23. Bxc5 Kb7 24. Na2 Nf6 25. Bf3 Nd7 26. Be3 Bf8 27. Rd2
Bc5 28. Rxd7+ Rxd7 29. Bxc5 f5 30. Nb4 fxe4 31. Bxe4 Bd5 32. Re1 Re8 33. f3 Re6
34. Rd1 Re8 35. c4 1-0

[Event "GBR-ch83"]
[Site "Nottingham"]
[Date "1996.08.05"]
[Round "1.15"]
[White "Wolstencroft, Darryl"]
[Black "Baker, Chris W"]
[Result "1/2-1/2"]
[WhiteElo "2200"]
[BlackElo "2370"]
[PlyCount "45"]
[EventDate "1996.08.05"]
[EventType "swiss"]
[EventRounds "11"]
[EventCountry "GBR"]
[SourceTitle "BritBase"]
[Source "britbase.info"]
[SourceDate "2021.07.30"]
[SourceVersion "1"]
[SourceVersionDate "2021.07.30"]
[SourceQuality "1"]

1. c4 c6 2. e4 e5 3. Nf3 d6 4. Nc3 Nf6 5. Be2 Nbd7 6. d4 Qc7 7. h3 Be7 8. Be3
O-O 9. Qc2 a6 10. g4 b5 11. cxb5 cxb5 12. Rc1 Bb7 13. g5 Nh5 14. dxe5 dxe5 15.
Nd5 Qd8 16. Rd1 Bxd5 17. Rxd5 Nf4 18. Bxf4 exf4 19. Qd2 Ra7 20. O-O Qe8 21.
Qxf4 Nb6 22. Rd2 f6 23. Qg4 1/2-1/2

[Event "GBR-ch83"]
[Site "Nottingham"]
[Date "1996.08.05"]
[Round "1.17"]
[White "Pert, Nicholas"]
[Black "Sahu, Sekhar Chandra"]
[Result "1-0"]
[WhiteElo "2195"]
[BlackElo "2340"]
[PlyCount "65"]
[EventDate "1996.08.05"]
[EventType "swiss"]
[EventRounds "11"]
[EventCountry "GBR"]
[SourceTitle "BritBase"]
[Source "britbase.info"]
[SourceDate "2021.07.30"]
[SourceVersion "1"]
[SourceVersionDate "2021.07.30"]
[SourceQuality "1"]

1. d4 c5 2. d5 d6 3. Nc3 e6 4. dxe6 Bxe6 5. e4 Nc6 6. Nf3 Be7 7. Bf4 Nf6 8. Ng5
Bg4 9. f3 Bh5 10. Qd2 O-O 11. h4 Bg6 12. O-O-O Nd4 13. Be3 h6 14. Nh3 Nh5 15.
g4 Ng3 16. h5 Bh7 17. Bg2 Nxh1 18. Rxh1 Re8 19. g5 hxg5 20. Nxg5 Bxg5 21. Bxg5
Qa5 22. h6 d5 23. hxg7 Re6 24. e5 Rb6 25. Bf6 Qb4 26. Qd3 Qxb2+ 27. Kd2 Qxc2+
28. Qxc2 Nxc2 29. Nxd5 Re8 30. Nxb6 axb6 31. f4 Nb4 32. Be4 Rd8+ 33. Ke2 1-0

[Event "GBR-ch83"]
[Site "Nottingham"]
[Date "1996.08.05"]
[Round "1.18"]
[White "Duncan, Christopher R"]
[Black "Rudd, Jack"]
[Result "1-0"]
[WhiteElo "2340"]
[BlackElo "2190"]
[PlyCount "59"]
[EventDate "1996.08.05"]
[EventType "swiss"]
[EventRounds "11"]
[EventCountry "GBR"]
[SourceTitle "BritBase"]
[Source "britbase.info"]
[SourceDate "2021.07.30"]
[SourceVersion "1"]
[SourceVersionDate "2021.07.30"]
[SourceQuality "1"]

1. c4 Nf6 2. Nc3 g6 3. e4 d6 4. d4 Bg7 5. Nf3 O-O 6. Be2 e5 7. O-O Nc6 8. d5
Ne7 9. b4 Nd7 10. c5 f5 11. Ng5 Nf6 12. Bf3 f4 13. Qb3 h6 14. Ne6 Bxe6 15. dxe6
d5 16. Nxd5 Nfxd5 17. Rd1 Qe8 18. exd5 e4 19. Bxe4 Bxa1 20. d6 cxd6 21. cxd6
Be5 22. dxe7 Qxe7 23. Rd7 Rfc8 24. Bd2 Qf6 25. Rf7 Qh4 26. e7 Kh8 27. Qe6 Qh5
28. Bf3 Qg5 29. h4 Qxh4 30. Qxe5+ 1-0

[Event "GBR-ch83"]
[Site "Nottingham"]
[Date "1996.08.05"]
[Round "1.19"]
[White "Rayner, Francis"]
[Black "Tebb, David J"]
[Result "1/2-1/2"]
[WhiteElo "2185"]
[BlackElo "2320"]
[PlyCount "54"]
[EventDate "1996.08.05"]
[EventType "swiss"]
[EventRounds "11"]
[EventCountry "GBR"]
[SourceTitle "BritBase"]
[Source "britbase.info"]
[SourceDate "2021.07.30"]
[SourceVersion "1"]
[SourceVersionDate "2021.07.30"]
[SourceQuality "1"]

1. c4 Nf6 2. Nf3 g6 3. g3 Bg7 4. Bg2 O-O 5. O-O d6 6. d4 Nbd7 7. Qc2 e5 8. Rd1
Qe7 9. b3 Re8 10. Nc3 c6 11. e3 Nf8 12. e4 Bg4 13. d5 cxd5 14. Nxd5 Nxd5 15.
Rxd5 Rad8 16. Be3 b6 17. h3 Bd7 18. Rad1 Bc6 19. R5d2 Ne6 20. Ne1 Rf8 21. Nd3
f5 22. Nb4 Bb7 23. exf5 Bxg2 24. Kxg2 gxf5 25. Nd5 Qf7 26. f4 Kh8 27. Rf2 e4
1/2-1/2

[Event "GBR-ch83"]
[Site "Nottingham"]
[Date "1996.08.05"]
[Round "1.20"]
[White "Knott, Simon JB"]
[Black "Moskovic, David M"]
[Result "1-0"]
[WhiteElo "2335"]
[BlackElo "2185"]
[PlyCount "77"]
[EventDate "1996.08.05"]
[EventType "swiss"]
[EventRounds "11"]
[EventCountry "GBR"]
[SourceTitle "BritBase"]
[Source "britbase.info"]
[SourceDate "2021.07.30"]
[SourceVersion "1"]
[SourceVersionDate "2021.07.30"]
[SourceQuality "1"]

1. c4 g6 2. d4 Nf6 3. Nc3 Bg7 4. e4 d6 5. Nf3 O-O 6. Be2 e5 7. O-O exd4 8. Nxd4
Re8 9. f3 Nc6 10. Be3 Nh5 11. Qd2 f5 12. Nxc6 bxc6 13. c5 f4 14. Bf2 Be5 15.
Rfd1 Qf6 16. Bd4 Ng7 17. cxd6 cxd6 18. Bxe5 dxe5 19. Qd6 Qxd6 20. Rxd6 Rb8 21.
b3 Be6 22. Na4 Rbc8 23. Ba6 Rc7 24. Rc1 Kf8 25. Rdxc6 Rxc6 26. Rxc6 Bd7 27. Rc4
Bxa4 28. Rxa4 Re7 29. Ra5 Kf7 30. Bc4+ Kf6 31. Ra6+ Kg5 32. Rc6 Ne8 33. a4 h5
34. a5 h4 35. b4 Nf6 36. Re6 Rxe6 37. Bxe6 Ne8 38. b5 Nc7 39. Bc4 1-0

[Event "GBR-ch83"]
[Site "Nottingham"]
[Date "1996.08.05"]
[Round "1.23"]
[White "Pert, Richard G"]
[Black "Hunt, Harriet V"]
[Result "1-0"]
[WhiteElo "2165"]
[BlackElo "2315"]
[PlyCount "79"]
[EventDate "1996.08.05"]
[EventType "swiss"]
[EventRounds "11"]
[EventCountry "GBR"]
[SourceTitle "BritBase"]
[Source "britbase.info"]
[SourceDate "2021.07.30"]
[SourceVersion "1"]
[SourceVersionDate "2021.07.30"]
[SourceQuality "1"]

1. e4 c5 2. Nf3 d6 3. d4 cxd4 4. Nxd4 Nf6 5. Nc3 a6 6. Bc4 e6 7. Bb3 Nbd7 8. f4
Nc5 9. f5 Be7 10. O-O Nxb3 11. axb3 O-O 12. Qf3 Bd7 13. g4 Ne8 14. Be3 b5 15.
Rad1 b4 16. Na2 e5 17. Ne2 Rb8 18. Nac1 Bc6 19. Nd3 f6 20. g5 fxg5 21. Nxe5 Ba8
22. Ng4 Qc8 23. Nd4 Nc7 24. Rd2 Qb7 25. Nf2 Bf6 26. Qg3 h6 27. Qxd6 Bxd4 28.
Rxd4 Rxf5 29. Rxb4 Qxb4 30. Qxb4 Rxb4 31. exf5 Nd5 32. Re1 Kf7 33. Bc1 Ne7 34.
Re5 Bb7 35. h3 Bc8 36. Be3 Nxf5 37. Bc5 Rb8 38. b4 Be6 39. Nd3 Nh4 40. Re3 1-0

[Event "GBR-ch83"]
[Site "Nottingham"]
[Date "1996.08.05"]
[Round "1.25"]
[White "Phillips, Roy JN"]
[Black "Bates, Richard"]
[Result "0-1"]
[WhiteElo "2120"]
[BlackElo "2315"]
[PlyCount "79"]
[EventDate "1996.08.05"]
[EventType "swiss"]
[EventRounds "11"]
[EventCountry "GBR"]
[SourceTitle "BritBase"]
[Source "britbase.info"]
[SourceDate "2021.07.30"]
[SourceVersion "1"]
[SourceVersionDate "2021.07.30"]
[SourceQuality "1"]

1. d4 Nf6 2. c4 g6 3. Nc3 Bg7 4. e4 d6 5. Be2 O-O 6. Nf3 Na6 7. O-O e5 8. Be3
Ng4 9. Bg5 Qe8 10. h3 Nf6 11. Be3 Nd7 12. Re1 exd4 13. Bxd4 Ne5 14. Nxe5 dxe5
15. Be3 c6 16. a3 Qe7 17. b4 Rd8 18. Qc2 Bf6 19. Red1 Bg5 20. Rxd8+ Qxd8 21.
Rd1 Qe7 22. Qd2 Bxe3 23. Qxe3 Be6 24. Na4 Nc7 25. c5 Rd8 26. Rxd8+ Qxd8 27. Qd3
Qg5 28. Qc3 Qf4 29. Qc2 h5 30. Nb2 Ne8 31. Bc4 Ng7 32. Bxe6 Nxe6 33. Nc4 Nd4
34. Qd3 Qc1+ 35. Kh2 Qe1 36. Qe3 Ne2 37. f3 h4 38. Nxe5 Qg3+ 39. Kh1 Nf4 40.
Qd2 0-1

[Event "GBR-ch83"]
[Site "Nottingham"]
[Date "1996.08.06"]
[Round "2.1"]
[White "Sadler, Matthew D"]
[Black "Duncan, Christopher R"]
[Result "1-0"]
[WhiteElo "2615"]
[BlackElo "2340"]
[PlyCount "80"]
[EventDate "1996.08.05"]
[EventType "swiss"]
[EventRounds "11"]
[EventCountry "GBR"]

1. d4 d6 2. e4 Nf6 3. Nc3 Nbd7 4. g3 e5 5. Nge2 exd4 6. Nxd4 g6 7. Bg2 Bg7 8.
O-O O-O 9. h3 Re8 10. Re1 Nc5 11. Nb3 Ne6 12. Be3 h6 13. Qd2 Kh7 14. a4 a6 15.
Na5 Ng5 16. Bxg5 hxg5 17. Rad1 Nd7 18. Nc4 Ne5 19. Nxe5 Bxe5 20. Ne2 Be6 21. b3
Qd7 22. Qxg5 Kg7 23. h4 Bg4 24. f3 Bh3 25. Nf4 Bxg2 26. Kxg2 Bxf4 27. Qxf4 Qc6
28. Qd2 Re5 29. Re2 Rae8 30. Qd4 Kg8 31. Rf2 Rc5 32. Rdd2 Rce5 33. Rd3 Rc5 34.
Qb2 a5 35. c4 b6 36. Rd5 Re5 37. Qd2 Qe8 38. Qd3 Re7 39. Re2 f5 40. Kf1 fxe4 {
Black lost on time as he played his 40th move} 1-0